000 01320nam a22003017a 4500
999 _c64413
_d64413
005 20240530110730.0
008 180402s2017 ua ah g b 000 0 ara d
017 _a2015/15925
_bمصر. دار الكتب
020 _a9789774952265
040 _aEG-CaGPL
_cEG-CaGPL
082 0 4 _221
_a940.18 /
_bج ت
100 0 _aجمال الوكيل
245 1 0 _aتطور استراتيجية الحروب الصليبية فى القرن الرابع عشر الميلادى :
_bمشروع حملة " مارينو سانودو" : دراسة تاريخية /
_cتاليف جمال الوكيل ؛ تقديم حسين عطية
250 _aط.1
260 _aالقاهرة :
_bدار العالم العربى ،
_c2017.
300 _a192 ص. :
_bايض ؛
_c24 سم.
490 0 _aصفحات جديدة من التاريخ الاسلامى.
504 _aيشتمل على ارجاعات ببليوجرافية
650 0 7 _2qrmak
_aالحروب الصليبية
650 0 7 _2qrmak
_aالدولة الايوبية
650 0 7 _2qrmak
_aالعصور الوسطى
_xتاريخ
650 0 7 _2qrmak
_aحملة مارينو سانودو
650 0 7 _2qrmak
_aدولة المماليك
651 _2qrmak
700 0 _aحسين عطية
_eمقدم
942 _2ddc
_cBK